| 000 | 01240nam0a2200313 4500 | ||
|---|---|---|---|
| 001 | RU\NLR\bibl\1815004 | ||
| 005 | 20260405075606.0 | ||
| 010 |
_a978-5-93802-059-7 _91000 |
||
| 021 |
_aRU _b2011-65446 _94604 |
||
| 035 | _a(NLR Aleph) 001805595 | ||
| 090 |
_a1806365 _c1806365 |
||
| 100 | _a20110930d2011 |||y0rusy50 ca | ||
| 101 | 0 | _arus | |
| 102 | _aRU | ||
| 105 | _aa ||||||||| | ||
| 200 | 1 |
_aОгневая подготовка _eучебное пособие по "Основам военной службы" _f[Попов Евгений Александрович] |
|
| 210 |
_aМосква _cВоенные издания _d2011 |
||
| 215 |
_a80 с. _cил. _d21 |
||
| 225 | 1 | _aБиблиотечка "Военные знания" | |
| 225 | 1 | _aОсновы военной службы | |
| 606 | 0 |
_aОгневая подготовка _jУчебные издания _92158182 _3RU\NLR\auth\661299051 |
|
| 686 | _aЦ4,6(2Р)32я7-1 | ||
| 702 | 1 |
_4220 _7ca _8rus _aПопов _bЕ. А. _cтренер, воен. дело _gЕвгений Александрович _910112 _3RU\NLR\auth\7727075 |
|
| 801 | 0 |
_aRU _bNLR _c20110930 _gRCR |
|
| 801 | 1 |
_aRU _bNLR _c20110930 |
|
| 942 | _cBOOK | ||
| 980 | _aNB | ||
| 980 | _aNBR | ||